[Event "4NCL/Div4/CAMB vs. MIN2"]
[Site "West Bromwich ENG"]
[Date "2004.03.27"]
[Round "5.2"]
[White "Hardman, Michael J"]
[Black "Moskovic, David M"]
[Result "1/2-1/2"]
[WhiteElo "2107"]
[BlackElo "2274"]
[PlyCount "89"]
[EventDate "2004.03.27"]

1. d4 Nf6 2. Nf3 g6 3. c4 Bg7 4. g3 O-O 5. Bg2 d6 6. O-O Nbd7 7. Nc3 e5 8. e4
c6 9. Re1 Qb6 10. d5 cxd5 11. cxd5 Nc5 12. Qe2 Bd7 13. Nd2 Rac8 14. Nc4 Qa6 15.
Ne3 Qxe2 16. Rxe2 b5 17. f3 b4 18. Ncd1 Nd3 19. Bd2 Bb5 20. Bh3 Rc7 21. Rg2 Nd7
22. a3 a5 23. Bxd7 Rxd7 24. axb4 axb4 25. Nf2 Nc5 26. Bxb4 Be2 27. Bxc5 dxc5
28. g4 Bxf3 29. Rg3 Be2 30. Rc1 Rb8 31. Nc4 Bxc4 32. Rxc4 Rxb2 33. Rxc5 Ra7 34.
Rc8+ Bf8 35. Rf3 Re2 36. Kf1 Rb2 37. h4 Kg7 38. Kg2 Bd6 39. Kg3 Ra1 40. g5 Rg1+
41. Kh2 Re1 42. Kg3 Rg1+ 43. Kh2 Rg4 44. Kh3 Rg1 45. Kh2 1/2-1/2

[Event "4NCL/Div4/CAMB vs. MIN2"]
[Site "West Bromwich ENG"]
[Date "2004.03.27"]
[Round "5.3"]
[White "Mutton, Jonathan B"]
[Black "Parker, Robert"]
[Result "1-0"]
[WhiteElo "2186"]
[BlackElo "2105"]
[PlyCount "97"]
[EventDate "2004.03.27"]

1. e4 e5 2. Nf3 Nc6 3. Bb5 a6 4. Bxc6 dxc6 5. d4 exd4 6. Qxd4 Qxd4 7. Nxd4 Bd7
8. O-O O-O-O 9. Nc3 Ne7 10. Nf3 f6 11. Be3 Ng6 12. Rad1 Bb4 13. Ne2 Rde8 14. a3
Bd6 15. Nd2 Ne5 16. c4 c5 17. h3 Be6 18. b3 Nc6 19. Nc3 Nd4 20. Rc1 b6 21. b4
Rd8 22. Bxd4 cxd4 23. Nd5 Kd7 24. c5 Bxd5 25. cxd6 Bc6 26. dxc7 Kxc7 27. Rc4
Kb7 28. Rfc1 Rd6 29. f3 Rc8 30. Kf2 Rdd8 31. Nb3 d3 32. Ke3 Rd6 33. Rd4 Rcd8
34. Rxd6 Rxd6 35. Kd2 Ba4 36. Rc3 Bxb3 37. Rxb3 Kc6 38. Rxd3 Re6 39. Rd5 g6 40.
Kd3 Re7 41. g4 Re6 42. a4 Kc7 43. b5 axb5 44. axb5 Re8 45. h4 Ra8 46. h5 Ra3+
47. Ke2 Rc3 48. hxg6 hxg6 49. g5 1-0

[Event "4NCL/Div4/CAMB vs. MIN2"]
[Site "West Bromwich ENG"]
[Date "2004.03.27"]
[Round "5.4"]
[White "Horton, Justin"]
[Black "Pickard, Charles"]
[Result "1/2-1/2"]
[WhiteElo "2032"]
[BlackElo "2080"]
[PlyCount "60"]
[EventDate "2004.03.27"]

1. d4 Nf6 2. Nf3 d6 3. g3 g6 4. c4 Bg7 5. Bg2 O-O 6. O-O Nc6 7. Nc3 e5 8. d5
Ne7 9. e4 Ne8 10. Ne1 f5 11. Nd3 Nf6 12. Bg5 Nxe4 13. Nxe4 fxe4 14. Bxe4 Bh3
15. Bg2 Bxg2 16. Kxg2 Qd7 17. Bxe7 Qxe7 18. Qg4 c6 19. Qe4 Rac8 20. b3 Qf7 21.
dxc6 bxc6 22. Rac1 Qf5 23. Rfe1 a5 24. Qxf5 gxf5 25. Rc2 Kf7 26. f3 Rfe8 27.
Rce2 c5 28. Nb2 Ke6 29. Na4 Kf6 30. Nb6 Rcd8 1/2-1/2

[Event "4NCL/Div4/CAMB vs. MIN2"]
[Site "West Bromwich ENG"]
[Date "2004.03.27"]
[Round "5.5"]
[White "Spencer, Carl"]
[Black "Hawkins, J Nick"]
[Result "0-1"]
[WhiteElo "1880"]
[BlackElo "2052"]
[PlyCount "78"]
[EventDate "2004.03.27"]

1. e4 e5 2. Nf3 Nc6 3. Bb5 a6 4. Ba4 Nf6 5. O-O Nxe4 6. d4 b5 7. Bb3 d5 8. dxe5
Be6 9. c3 Bc5 10. Nbd2 O-O 11. Qe2 Bf5 12. a4 b4 13. a5 bxc3 14. Nxe4 dxe4 15.
Qc4 exf3 16. Qxc5 Nd4 17. Bc4 fxg2 18. Kxg2 cxb2 19. Bxb2 Qg5+ 20. Kh1 Be4+ 21.
f3 Nxf3 22. Bd5 Qf4 23. Rf2 Ng5+ 24. Bxe4 Qxe4+ 25. Rg2 Ne6 26. Qf2 Nf4 27.
Rag1 Nxg2 28. Rxg2 Rad8 29. h4 Rd3 30. Kh2 Rf3 31. Qd2 Qxh4+ 32. Kg1 Rg3 33.
Qf2 Rxg2+ 34. Qxg2 Rd8 35. Kf1 Rd1+ 36. Ke2 Qe1+ 37. Kf3 Qf1+ 38. Qxf1 Rxf1+
39. Ke4 h5 0-1

[Event "4NCL/Div4/CAMB vs. MIN2"]
[Site "West Bromwich ENG"]
[Date "2004.03.27"]
[Round "5.6"]
[White "De Mooi, Connagh-Joseph"]
[Black "Webster, Peter"]
[Result "1/2-1/2"]
[WhiteElo "1720"]
[BlackElo "1800"]
[PlyCount "43"]
[EventDate "2004.03.27"]

1. e4 e6 2. Nf3 d5 3. e5 c5 4. b4 cxb4 5. a3 Nc6 6. axb4 Bxb4 7. c3 Be7 8. d4
f6 9. Bd3 Qc7 10. Bf4 f5 11. O-O Nh6 12. Bxh6 gxh6 13. Qd2 Bf8 14. Na3 Qg7 15.
Rfc1 Bxa3 16. Rxa3 O-O 17. c4 Kh8 18. cxd5 exd5 19. Bb5 Rg8 20. Ne1 Bd7 21.
Bxc6 Bxc6 22. Rg3 1/2-1/2

[Event "4NCL/Div4/OXF2 vs. CHED"]
[Site "West Bromwich ENG"]
[Date "2004.03.27"]
[Round "5.1"]
[White "Webster, Ian"]
[Black "Smith, Alan A"]
[Result "0-1"]
[WhiteElo "1856"]
[BlackElo "2251"]
[PlyCount "126"]
[EventDate "2004.03.27"]

1. e4 c5 2. Nf3 e6 3. b4 cxb4 4. d4 Nf6 5. Bd3 d5 6. e5 Ne4 7. c4 bxc3 8. Qc2
Bd7 9. Bxe4 dxe4 10. Ng5 Qb6 11. Nxe4 Qxd4 12. Be3 Qxe5 13. f4 Qc7 14. O-O Be7
15. Nbxc3 O-O 16. Rac1 Qa5 17. Rf3 f5 18. Nf2 Nc6 19. Rb1 Qa6 20. g4 Rac8 21.
gxf5 Rxf5 22. Qd1 Rd8 23. Rg3 Bc8 24. Qg4 Rf7 25. Qh5 Rf5 26. Qg4 Bf8 27. Nfe4
Qa5 28. Kh1 Qc7 29. Nb5 Qf7 30. Rbg1 Rxb5 31. Qh4 Rf5 32. Rh3 g6 33. Rxg6+ Qxg6
34. Rg3 Qxg3 35. Nxg3 Bg7 36. Nxf5 exf5 37. Qh5 Be6 38. Kg2 b6 39. Kf2 Na5 40.
Qg5 Rd7 41. Qh5 Rd8 42. Qg5 Nc6 43. Qh5 Rf8 44. a3 Ne7 45. Qe2 Nd5 46. Bd2 Re8
47. Qd3 Nf6 48. Qb5 Rd8 49. Bb4 Kf7 50. Qc6 Rd7 51. Ke2 Nd5 52. Bd6 Bh6 53. Ke1
Nxf4 54. Bxf4 Bxf4 55. Qf3 Bd2+ 56. Kf2 Ke7 57. Qh3 Kd8 58. Qh4+ Kc7 59. Qf6
Bd5 60. Ke2 Bc4+ 61. Kf2 f4 62. Qe5+ Kb7 63. Qf5 Be3+ 0-1

[Event "4NCL/Div4/OXF2 vs. CHED"]
[Site "West Bromwich ENG"]
[Date "2004.03.27"]
[Round "5.2"]
[White "Shaw, Robert"]
[Black "Ludbrook, Matt"]
[Result "1-0"]
[WhiteElo "2319"]
[BlackElo "1816"]
[PlyCount "51"]
[EventDate "2004.03.27"]

1. d4 Nf6 2. Nf3 g6 3. g3 Bg7 4. Bg2 O-O 5. O-O d6 6. c4 c5 7. Nc3 Nc6 8. d5
Na5 9. Qd3 e5 10. e4 Ng4 11. h3 Nh6 12. b3 b6 13. Be3 f5 14. Rae1 Kh8 15. Bd2
Bd7 16. Ng5 Qc8 17. f4 Nb7 18. Kh2 Nf7 19. Ne6 Re8 20. exf5 gxf5 21. Qxf5 Bxe6
22. dxe6 Nh6 23. Qe4 Rb8 24. f5 Ng8 25. Nd5 Nf6 26. Qh4 1-0

[Event "4NCL/Div4/OXF2 vs. CHED"]
[Site "West Bromwich ENG"]
[Date "2004.03.27"]
[Round "5.3"]
[White "Terry, Sean"]
[Black "Richardson, Alex"]
[Result "0-1"]
[WhiteElo "1896"]
[BlackElo "2091"]
[PlyCount "62"]
[EventDate "2004.03.27"]

1. d4 Nf6 2. Nf3 c5 3. e3 d5 4. c3 e6 5. Bd3 Nc6 6. Ne5 Bd6 7. f4 Bd7 8. Nd2
Qe7 9. O-O O-O-O 10. b3 Kb8 11. a4 Rc8 12. Bb2 Rhd8 13. Qe2 g6 14. Rfc1 Be8 15.
Ba3 Rc7 16. Nxc6+ Bxc6 17. Nf3 Rdc8 18. Ne5 Be8 19. Qd2 Nh5 20. Bb2 f6 21. Nf3
g5 22. g4 Nxf4 23. exf4 Bxf4 24. Qf2 Bxc1 25. Rxc1 c4 26. Bc2 h5 27. Qg2 Qd6
28. Re1 hxg4 29. Qxg4 cxb3 30. Bxb3 Bd7 31. Qh5 Qb6 0-1

[Event "4NCL/Div4/OXF2 vs. CHED"]
[Site "West Bromwich ENG"]
[Date "2004.03.27"]
[Round "5.4"]
[White "Buxton, David E"]
[Black "Harrison, Pete R"]
[Result "1/2-1/2"]
[WhiteElo "2024"]
[BlackElo "1600"]
[PlyCount "63"]
[EventDate "2004.03.27"]

1. d4 e6 2. c4 f5 3. Nf3 d5 4. g3 Nf6 5. Bg2 c6 6. O-O Bd6 7. Nbd2 Nbd7 8. Ng5
Qe7 9. Qb3 O-O 10. cxd5 exd5 11. e3 Kh8 12. Qc2 Ne4 13. Ngxe4 fxe4 14. f3 exf3
15. Nxf3 Nf6 16. Bd2 Ne4 17. Rae1 Bg4 18. Bc3 Nxc3 19. bxc3 Bf5 20. Qe2 Be4 21.
Rf2 b5 22. Ref1 Rae8 23. Nh4 Rxf2 24. Rxf2 Bxg2 25. Nxg2 Kg8 26. Qg4 Ba3 27.
Nh4 Qe6 28. Nf5 Qg6 29. Qf4 Rf8 30. Qc7 Rxf5 31. Rxf5 Qxf5 32. Qxc6 1/2-1/2

[Event "4NCL/Div4/OXF2 vs. CHED"]
[Site "West Bromwich ENG"]
[Date "2004.03.27"]
[Round "5.5"]
[White "Read, Matthew"]
[Black "Acey, Gerald"]
[Result "0-1"]
[WhiteElo "1480"]
[BlackElo "2008"]
[PlyCount "80"]
[EventDate "2004.03.27"]

1. b4 e5 2. a3 d6 3. Bb2 Nf6 4. e3 Be7 5. d3 O-O 6. Be2 Nbd7 7. Nf3 c6 8. Nbd2
Qc7 9. c4 b6 10. O-O Bb7 11. Rc1 Rad8 12. Qc2 Rfe8 13. d4 Bf8 14. b5 Qb8 15.
bxc6 Bxc6 16. d5 Bb7 17. a4 Rc8 18. Ba3 Bxd5 19. Qa2 Ba8 20. Rfd1 Nc5 21. a5
Nfd7 22. axb6 axb6 23. Nf1 Bc6 24. Qb1 Qa7 25. Ng5 g6 26. Bxc5 Nxc5 27. Ng3 Qb7
28. Bf3 e4 29. Be2 Rcd8 30. Nh3 d5 31. cxd5 Bxd5 32. Nf4 Bc6 33. Bc4 b5 34. Be2
b4 35. Bc4 b3 36. Rxd8 Rxd8 37. Bxb3 Qxb3 38. Qxb3 Nxb3 39. Rxc6 Rd1+ 40. Nf1
Nd2 0-1

[Event "4NCL/Div4/OXF2 vs. CHED"]
[Site "West Bromwich ENG"]
[Date "2004.03.27"]
[Round "5.6"]
[White "Yu, Yangshi"]
[Black "Henbest, Kevin B"]
[Result "1-0"]
[WhiteElo "1688"]
[BlackElo "1520"]
[PlyCount "59"]
[EventDate "2004.03.27"]

1. e4 c5 2. Nf3 d6 3. d4 cxd4 4. Nxd4 Nf6 5. Nc3 a6 6. Be2 e5 7. Nb3 Be6 8. O-O
Be7 9. Kh1 O-O 10. f4 b5 11. a3 Nbd7 12. Be3 Rc8 13. f5 Bc4 14. Bxc4 bxc4 15.
Nd2 Nb6 16. Nf3 Qc7 17. Qe2 Rfd8 18. Rad1 Qc6 19. Bg1 Rd7 20. h3 Nh5 21. Bh2
Nf4 22. Bxf4 exf4 23. Nd4 Qc5 24. Rxf4 Bf6 25. Nf3 Bxc3 26. bxc3 Re8 27. f6 g6
28. Qe1 Na4 29. Qd2 Nb6 30. Rh4 1-0

[Event "4NCL/Div4/PONTY vs. GREN"]
[Site "West Bromwich ENG"]
[Date "2004.03.27"]
[Round "5.1"]
[White "Robinson, David"]
[Black "Pugh, Derek C"]
[Result "1/2-1/2"]
[WhiteElo "2045"]
[BlackElo "2080"]
[PlyCount "82"]
[EventDate "2004.03.27"]

1. e4 d6 2. d4 Nf6 3. Nc3 g6 4. Bc4 Bg7 5. Qe2 Nc6 6. e5 Nd7 7. exd6 cxd6 8.
Nf3 O-O 9. Be3 Nb6 10. Bb3 Bg4 11. h3 Bxf3 12. Qxf3 Nxd4 13. Qxb7 d5 14. O-O e6
15. Nd1 Qh4 16. Qa6 Nd7 17. Bxd4 Bxd4 18. c3 Bb6 19. Qa4 Qe7 20. Re1 Nc5 21.
Qb4 Qf6 22. Bc2 Rab8 23. Qg4 Rfc8 24. h4 h5 25. Qg5 Qxg5 26. hxg5 Kg7 27. g3
Nb7 28. Kg2 Nd6 29. f4 d4 30. Bd3 dxc3 31. bxc3 Ba5 32. Rc1 Rb6 33. Re5 Nb7 34.
c4 Nc5 35. Be2 Rd6 36. Rc2 Bb4 37. Nf2 a5 38. Ne4 Nxe4 39. Rxe4 Rd2 40. Rxd2
Bxd2 41. Rd4 Bb4 1/2-1/2

[Event "4NCL/Div4/PONTY vs. GREN"]
[Site "West Bromwich ENG"]
[Date "2004.03.27"]
[Round "5.2"]
[White "Hardy, Roger"]
[Black "Saunders, W Nigel"]
[Result "1-0"]
[WhiteElo "2022"]
[BlackElo "2104"]
[PlyCount "83"]
[EventDate "2004.03.27"]

1. e4 e6 2. d4 d5 3. e5 c5 4. c3 Qb6 5. Nf3 Bd7 6. a3 a5 7. b3 Bb5 8. Bxb5+
Qxb5 9. a4 Qb6 10. Ba3 Nc6 11. O-O cxd4 12. Bxf8 Kxf8 13. cxd4 Nge7 14. Nc3 Nf5
15. Nb5 h5 16. Qd2 Ke7 17. Rfd1 Rac8 18. Rac1 Kd7 19. Qf4 Qd8 20. Rc5 Qe7 21.
Rxd5+ exd5 22. Qxf5+ Qe6 23. Qf4 Nd8 24. Ng5 Qg4 25. e6+ fxe6 26. Qd6+ Ke8 27.
Nf3 Rf8 28. h3 Qf4 29. Ne5 Qxf2+ 30. Kh1 Rf7 31. Nxf7 Qxf7 32. Qe5 Rc6 33. Nd6+
Rxd6 34. Qxd6 Qf6 35. Qg3 Nc6 36. Qd3 Ke7 37. Qb5 Nd8 38. Qxa5 Qf2 39. Qc7+ Ke8
40. Qxg7 Qe2 41. Rc1 Qf2 42. Qe5 1-0

[Event "4NCL/Div4/PONTY vs. GREN"]
[Site "West Bromwich ENG"]
[Date "2004.03.27"]
[Round "5.3"]
[White "Davies, Peter L"]
[Black "Osborne, David"]
[Result "1/2-1/2"]
[WhiteElo "2018"]
[BlackElo "1864"]
[PlyCount "74"]
[EventDate "2004.03.27"]

1. c4 c5 2. Nc3 Nc6 3. g3 g6 4. Bg2 Bg7 5. d3 d6 6. e4 e6 7. Nge2 Nge7 8. O-O
a6 9. a3 Rb8 10. Rb1 b5 11. cxb5 axb5 12. b4 cxb4 13. axb4 O-O 14. d4 e5 15.
Be3 f5 16. d5 f4 17. dxc6 fxe3 18. f3 Be6 19. Nd5 Nxc6 20. Qd3 Nd4 21. Qxe3
Bxd5 22. exd5 Nf5 23. Qd3 Qb6+ 24. Kh1 Bh6 25. f4 Ne3 26. Rf3 Ng4 27. Rbf1 Rfe8
28. Nc3 exf4 29. gxf4 Re3 30. Rxe3 Nxe3 31. Rf3 Nf5 32. Bh3 Nd4 33. Rf1 Rf8 34.
Qe3 Bg7 35. Be6+ Kh8 36. Ne2 Qa7 37. Rd1 Nc6 1/2-1/2

[Event "4NCL/Div4/PONTY vs. GREN"]
[Site "West Bromwich ENG"]
[Date "2004.03.27"]
[Round "5.4"]
[White "Eggington, David C"]
[Black "White, Ian G"]
[Result "1-0"]
[WhiteElo "1912"]
[BlackElo "2018"]
[PlyCount "55"]
[EventDate "2004.03.27"]

1. c4 f5 2. g3 Nf6 3. Bg2 g6 4. Nc3 d6 5. e3 Bg7 6. Nge2 O-O 7. O-O c6 8. b4
Nbd7 9. Bb2 e5 10. d3 Qc7 11. Rc1 Nb6 12. f4 Be6 13. a4 e4 14. Nd4 Bf7 15. a5
Nbd7 16. dxe4 Bxc4 17. exf5 Bxf1 18. Ne6 Qb8 19. Bxf1 Re8 20. Nxg7 Kxg7 21.
fxg6 hxg6 22. Qd4 c5 23. bxc5 dxc5 24. Qd3 Qc7 25. Nd5 Qc6 26. Bg2 Qe6 27. Nc7
Qa2 28. Qxd7+ 1-0

[Event "4NCL/Div4/PONTY vs. GREN"]
[Site "West Bromwich ENG"]
[Date "2004.03.27"]
[Round "5.6"]
[White "Flexman, Patrick"]
[Black "Jones, Derek C"]
[Result "0-1"]
[WhiteElo "1576"]
[BlackElo "1944"]
[PlyCount "82"]
[EventDate "2004.03.27"]

1. e4 c5 2. Nf3 d6 3. d4 cxd4 4. Nxd4 Nf6 5. Nc3 a6 6. Bg5 e6 7. Bd3 Be7 8. Qd2
Nc6 9. Nxc6 bxc6 10. O-O O-O 11. Kh1 Qc7 12. Ne2 h6 13. Bxh6 gxh6 14. Qxh6 Ng4
15. Qh5 e5 16. f4 Kg7 17. f5 Nh6 18. Rf3 Rh8 19. Rg3+ Kf8 20. Rf1 Bf6 21. Qf3
Ke7 22. Rh3 Bb7 23. Ng3 Rag8 24. Nh5 Ng4 25. Nxf6 Nxf6 26. Rxh8 Rxh8 27. g4 d5
28. g5 Nxe4 29. Bxe4 dxe4 30. f6+ Ke8 31. Qe3 c5 32. Rf5 Qd6 33. Rf2 Qd4 34.
Re2 Rh3 35. Qxd4 exd4 36. Kg2 Rh5 37. Kg3 Rxg5+ 38. Kf4 Rg1 39. b3 e3 40. h4
Rf1+ 41. Kg3 Bf3 0-1

[Event "4NCL/Div4/BCA vs. NLIB2"]
[Site "West Bromwich ENG"]
[Date "2004.03.27"]
[Round "5.1"]
[White "Ross, Chris"]
[Black "Arnold, Chris"]
[Result "1-0"]
[WhiteElo "2133"]
[BlackElo "2045"]
[PlyCount "99"]
[EventDate "2004.03.27"]

1. d4 d5 2. c4 c6 3. Nf3 Nf6 4. e3 Bf5 5. Nc3 e6 6. Nh4 Bg6 7. cxd5 exd5 8.
Nxg6 hxg6 9. Qb3 Qb6 10. Qxb6 axb6 11. Bd3 Bd6 12. h3 Na6 13. Bd2 Nb4 14. Bb1
g5 15. b3 g4 16. Na4 gxh3 17. gxh3 b5 18. Nc5 Bxc5 19. dxc5 Na6 20. b4 Rh4 21.
f4 Ne4 22. Bxe4 dxe4 23. Kf2 Rd8 24. Bc3 f6 25. Kg3 Rh5 26. Rhd1 Rhd5 27. Rd4
Nc7 28. Rxe4+ Kf7 29. Rd4 Ne6 30. Rxd5 Rxd5 31. Kf3 Rd3 32. Rc1 g5 33. Ke2 Rd5
34. fxg5 Nxg5 35. h4 Ne4 36. Be1 Kg6 37. Rd1 Rxd1 38. Kxd1 Kh5 39. Kc2 Kg4 40.
Kd3 f5 41. Kd4 Nf6 42. Ke5 Nd5 43. e4 fxe4 44. Kxe4 b6 45. cxb6 Nxb6 46. Ke5
Na4 47. Kd6 Nb2 48. Kxc6 Nd3 49. Kxb5 Nxe1 50. a4 1-0

[Event "4NCL/Div4/BCA vs. NLIB2"]
[Site "West Bromwich ENG"]
[Date "2004.03.27"]
[Round "5.2"]
[White "Sinnett, Glyn"]
[Black "Armstrong, William G"]
[Result "1-0"]
[WhiteElo "1939"]
[BlackElo "1720"]
[PlyCount "85"]
[EventDate "2004.03.27"]

1. d4 f5 2. e4 fxe4 3. Nc3 Nf6 4. Bg5 g6 5. Bxf6 exf6 6. Nxe4 Bg7 7. h4 Qe7 8.
Qe2 d5 9. Nc3 Qxe2+ 10. Ngxe2 c6 11. O-O-O Na6 12. h5 gxh5 13. Ng3 Nc7 14. Nxh5
Kf7 15. Nxg7 Kxg7 16. Bd3 Be6 17. Rh4 Rae8 18. Rdh1 h6 19. Ne2 Bf7 20. Ng3 Kf8
21. Kd2 Ne6 22. c3 c5 23. dxc5 Nxc5 24. Rxh6 Rxh6 25. Rxh6 Nxd3 26. Rh8+ Bg8
27. Kxd3 Kg7 28. Rh1 Kg6 29. b3 Re6 30. Ne2 Ra6 31. a4 Kg5 32. Nd4 Bf7 33. Re1
Rb6 34. Re7 Kg6 35. f3 a5 36. Ke3 Bg8 37. Kf4 Bf7 38. Kg4 f5+ 39. Kf4 Kf6 40.
Rc7 Be6 41. Rc5 Ra6 42. g3 Ra8 43. Rb5 1-0

[Event "4NCL/Div4/BCA vs. NLIB2"]
[Site "West Bromwich ENG"]
[Date "2004.03.27"]
[Round "5.3"]
[White "Gallagher, John"]
[Black "Ralphs, Nigel"]
[Result "0-1"]
[WhiteElo "1600"]
[BlackElo "2001"]
[PlyCount "75"]
[EventDate "2004.03.27"]

1. d4 Nf6 2. Nf3 g6 3. c4 Bg7 4. Nc3 d5 5. cxd5 Nxd5 6. e4 Nxc3 7. bxc3 c5 8.
Be3 Qa5 9. Qd2 O-O 10. Be2 Rd8 11. O-O cxd4 12. cxd4 Qxd2 13. Bxd2 Bxd4 14.
Nxd4 Rxd4 15. Rfd1 Nc6 16. Bf3 e5 17. Bc3 Rxd1+ 18. Rxd1 Be6 19. Rd2 Nd4 20.
Bxd4 exd4 21. Rxd4 Bxa2 22. e5 Rb8 23. Ra4 Be6 24. Rxa7 b5 25. Kf1 b4 26. Ke1
b3 27. Be4 b2 28. Bb1 Bf5 29. Ba2 b1=Q+ 30. Bxb1 Rxb1+ 31. Ke2 Rb5 32. f4 Rb2+
33. Kf3 h5 34. h3 h4 35. Ra4 Rd2 36. Ra3 Kg7 37. Rb3 Be6 38. g4 0-1

[Event "4NCL/Div4/BCA vs. NLIB2"]
[Site "West Bromwich ENG"]
[Date "2004.03.27"]
[Round "5.4"]
[White "Thomas, Kevin"]
[Black "Wragg, Norman A"]
[Result "1/2-1/2"]
[WhiteElo "1848"]
[BlackElo "1552"]
[PlyCount "107"]
[EventDate "2004.03.27"]

1. e4 e5 2. Bc4 Nf6 3. Nf3 Nc6 4. d3 Be7 5. Be3 d6 6. Nc3 O-O 7. Qd2 Na5 8. Bb3
Nxb3 9. axb3 b6 10. O-O-O a5 11. h3 Bd7 12. g4 a4 13. g5 Nh5 14. bxa4 Bxa4 15.
Qe2 Nf4 16. Bxf4 exf4 17. h4 Bd7 18. Kd2 f5 19. Rdg1 c6 20. g6 h6 21. Ng5 b5
22. Nf7 Qb6 23. Rh2 b4 24. Nd1 Qd4 25. exf5 Bf6 26. Qe4 d5 27. Qxd4 Bxd4 28.
Rg4 Bf6 29. Rxf4 c5 30. Ne3 Bc6 31. Nd1 Ra2 32. b3 Be8 33. f3 Bxf7 34. gxf7+
Kxf7 35. Re2 Re8 36. Rxe8 Kxe8 37. Rg4 Kf7 38. h5 Bg5+ 39. f4 Bf6 40. Rg3 Ke7
41. Re3+ Kd7 42. Re2 c4 43. dxc4 dxc4 44. Ke3 cxb3 45. cxb3 Ra5 46. Ke4 Kc6 47.
Rc2+ Kb5 48. Rc1 Ra3 49. Rb1 Ra2 50. Ne3 Rh2 51. Rd1 Rxh5 52. Rd5+ Kc6 53. Nc4
Rh1 54. Rd6+ 1/2-1/2

[Event "4NCL/Div4/BCA vs. NLIB2"]
[Site "West Bromwich ENG"]
[Date "2004.03.27"]
[Round "5.5"]
[White "Thacker, Steve M"]
[Black "Harley-Yeo, Gareth"]
[Result "0-1"]
[WhiteElo "1432"]
[BlackElo "1749"]
[PlyCount "54"]
[EventDate "2004.03.27"]

1. e4 c5 2. Nf3 Nc6 3. d4 cxd4 4. Nxd4 Nf6 5. Nc3 e5 6. Ndb5 d6 7. Bg5 a6 8.
Na3 b5 9. Nd5 Be7 10. Bxf6 Bxf6 11. c4 Qa5+ 12. Qd2 Qxd2+ 13. Kxd2 Bg5+ 14. Kd1
O-O 15. cxb5 axb5 16. Nxb5 Rd8 17. Bd3 Ba6 18. Nbc7 Bxd3 19. Nxa8 Rxa8 20. f3
Nd4 21. Nc3 Nc2 22. Rc1 Bxc1 23. Kxc1 Nd4 24. Kd2 Bc4 25. a3 f5 26. Re1 f4 27.
Rc1 Nb3+ 0-1

[Event "4NCL/Div4/BCA vs. NLIB2"]
[Site "West Bromwich ENG"]
[Date "2004.03.27"]
[Round "5.6"]
[White "Thomas, Jac"]
[Black "Williams, Robin"]
[Result "1-0"]
[WhiteElo "1550"]
[BlackElo "1160"]
[PlyCount "63"]
[EventDate "2004.03.27"]

1. e4 c5 2. d4 cxd4 3. c3 dxc3 4. Nxc3 g6 5. h4 Bg7 6. h5 e6 7. hxg6 fxg6 8.
Bd3 Nc6 9. Nf3 Nge7 10. Be3 O-O 11. Qd2 Ne5 12. Nxe5 Bxe5 13. Bh6 Rf7 14. Bc4
Nc6 15. f4 Bg7 16. f5 gxf5 17. exf5 d5 18. fxe6 Bxe6 19. Bd3 Bxh6 20. Qxh6 Qe7
21. O-O-O Rg7 22. Rde1 Re8 23. Rxe6 Qxe6 24. Bxh7+ Kf8 25. Rf1+ Ke7 26. Qxg7+
Kd8 27. Nxd5 Qxd5 28. Rd1 Qxd1+ 29. Kxd1 Re7 30. Qf8+ Re8 31. Qd6+ Kc8 32. Bf5+
1-0

[Event "4NCL/Div4/HKF3 vs. AD3"]
[Site "West Bromwich ENG"]
[Date "2004.03.27"]
[Round "5.1"]
[White "Bullock, Andrew"]
[Black "Rea, Bill"]
[Result "1/2-1/2"]
[WhiteElo "1672"]
[BlackElo "1696"]
[PlyCount "135"]
[EventDate "2004.03.27"]

1. c4 e5 2. g3 Bc5 3. Bg2 d6 4. Nc3 Nf6 5. d3 c6 6. Rb1 a5 7. a3 Na6 8. Nf3 Ng4
9. Ne4 Ba7 10. O-O h6 11. b4 f5 12. Nc3 Bd7 13. b5 Nc5 14. e3 O-O 15. d4 Ne4
16. Nxe4 fxe4 17. Nd2 d5 18. h3 Nxf2 19. Rxf2 Rxf2 20. Kxf2 exd4 21. exd4 Bxd4+
22. Ke2 Qg5 23. Nf1 Qh5+ 24. Ke1 Bf2+ 25. Kd2 e3+ 26. Nxe3 Bxe3+ 27. Ke1 Bf2+
28. Kd2 Qg5+ 29. Ke2 Qxg3 30. Bxd5+ Kh8 31. Be4 Bxh3 32. Qd3 Bg4+ 33. Kd2 Qxd3+
34. Kxd3 Rd8+ 35. Kc3 Be1+ 36. Kc2 Bd1+ 37. Kb2 Rd4 38. bxc6 bxc6 39. Bg6 Rg4
40. Bxh6 Rg2+ 41. Kc1 gxh6 42. Kxd1 Rxg6 43. Rb8+ Rg8 44. Rb6 Rg1 45. Rxc6 Kg7
46. Ke2 h5 47. Rc7+ Kf6 48. Rh7 Kg6 49. Rh8 Bc3 50. Rb8 Bd4 51. Rg8+ Kf5 52.
Ra8 Bc3 53. c5 Rg6 54. Kd3 Be1 55. Ke2 Rc6 56. Kd3 Ke5 57. Kc4 h4 58. Rh8 Bf2
59. Kb5 Rg6 60. Rh5+ Kf4 61. c6 Rg8 62. Kxa5 Rb8 63. Rh7 Kg4 64. Rg7+ Kf3 65.
Rh7 Kg2 66. c7 Rc8 67. Ka6 Bg3 68. Rxh4 1/2-1/2

[Event "4NCL/Div4/HKF3 vs. AD3"]
[Site "West Bromwich ENG"]
[Date "2004.03.27"]
[Round "5.2"]
[White "Lewis, Robin"]
[Black "Greatorex, Roger"]
[Result "1/2-1/2"]
[WhiteElo "1664"]
[BlackElo "1696"]
[PlyCount "81"]
[EventDate "2004.03.27"]

1. e4 e5 2. Nf3 Nc6 3. d4 exd4 4. Nxd4 Qh4 5. Nb5 Bc5 6. Qf3 Bb6 7. Be3 Ba5+ 8.
Bd2 Ne5 9. Qg3 Qxg3 10. hxg3 Bb6 11. Bc3 f6 12. Be2 d6 13. Bh5+ Ke7 14. Bd4
Bxd4 15. Nxd4 Nh6 16. Nc3 c6 17. Be2 Bd7 18. Kd2 b5 19. a3 a5 20. b4 Ra7 21.
Nb3 axb4 22. axb4 Rha8 23. Rxa7 Rxa7 24. Ra1 Rxa1 25. Nxa1 Be6 26. Nb3 Bxb3 27.
cxb3 Nd7 28. Bf3 Nf7 29. Ke3 Nb8 30. Be2 Na6 31. Na2 Kd7 32. f4 Kc7 33. Kd4 Kb6
34. Kc3 c5 35. Bd3 g6 36. bxc5+ dxc5 37. b4 c4 38. Bc2 Kc6 39. Nc1 Kd6 40. Ne2
Nc7 41. Nd4 1/2-1/2

[Event "4NCL/Div4/HKF3 vs. AD3"]
[Site "West Bromwich ENG"]
[Date "2004.03.27"]
[Round "5.3"]
[White "Hogarth, Mark J"]
[Black "Pohribnyj, Chris"]
[Result "1/2-1/2"]
[WhiteElo "1744"]
[BlackElo "1592"]
[PlyCount "46"]
[EventDate "2004.03.27"]

1. e4 c5 2. Nc3 e6 3. f4 d5 4. Bb5+ Bd7 5. Qe2 dxe4 6. Nxe4 Bxb5 7. Qxb5+ Qd7
8. Qe2 Nc6 9. Nf3 Be7 10. d3 Nf6 11. Be3 b6 12. O-O O-O 13. Ne5 Nxe5 14. fxe5
Nxe4 15. dxe4 f6 16. exf6 Bxf6 17. c3 Be7 18. Bf4 Rad8 19. Rad1 Qc6 20. Be5
Rxd1 21. Rxd1 Rd8 22. Rxd8+ Bxd8 23. Qg4 Qd7 1/2-1/2

[Event "4NCL/Div4/HKF3 vs. AD3"]
[Site "West Bromwich ENG"]
[Date "2004.03.27"]
[Round "5.4"]
[White "Graham, Louis"]
[Black "Lazarevic, Ljubica"]
[Result "1/2-1/2"]
[WhiteElo "1560"]
[BlackElo "1664"]
[PlyCount "51"]
[EventDate "2004.03.27"]

1. d4 d5 2. Nf3 Nf6 3. Bf4 Bf5 4. e3 e6 5. Be2 Be7 6. O-O h6 7. c4 c6 8. Nc3
O-O 9. Ne5 Ne4 10. Nxe4 Bxe4 11. Bd3 Bxd3 12. Qxd3 Bg5 13. b3 Bxf4 14. exf4 Nd7
15. Rfe1 Nf6 16. Rad1 Qa5 17. Re2 Rfd8 18. h3 c5 19. Qd2 Qc7 20. Qe3 dxc4 21.
bxc4 cxd4 22. Rxd4 b6 23. Red2 Rxd4 24. Qxd4 Rc8 25. g3 Kf8 26. Qd3 1/2-1/2

[Event "4NCL/Div4/HKF3 vs. AD3"]
[Site "West Bromwich ENG"]
[Date "2004.03.27"]
[Round "5.5"]
[White "Parmar, Amisha"]
[Black "Groombridge, Mike J"]
[Result "1/2-1/2"]
[WhiteElo "1384"]
[BlackElo "1584"]
[PlyCount "43"]
[EventDate "2004.03.27"]

1. e4 e6 2. d4 d5 3. Nc3 Bb4 4. e5 c5 5. a3 Bxc3+ 6. bxc3 Ne7 7. Qg4 Qa5 8. Ne2
Nbc6 9. Qxg7 Rg8 10. Qxh7 Nxd4 11. Qd3 Nec6 12. Nxd4 cxd4 13. Bd2 dxc3 14. Bxc3
Qc5 15. f4 Bd7 16. Bb2 O-O-O 17. Qc3 Qe7 18. O-O-O Kb8 19. h4 Rc8 20. Qf3 Na5
21. Bd3 Qc5 22. Qe2 1/2-1/2

[Event "4NCL/Div4/HKF3 vs. AD3"]
[Site "West Bromwich ENG"]
[Date "2004.03.27"]
[Round "5.6"]
[White "Somerfield, Adrian"]
[Black "Rhodes, Peter"]
[Result "1-0"]
[WhiteElo "1480"]
[BlackElo "1064"]
[PlyCount "35"]
[EventDate "2004.03.27"]

1. e4 d6 2. d4 Nf6 3. Nc3 g6 4. f4 Bg7 5. Nf3 O-O 6. Bd3 Nbd7 7. e5 dxe5 8.
dxe5 Ng4 9. h3 Nh6 10. Be3 Nb6 11. g4 f6 12. Qd2 Nf7 13. O-O-O c6 14. f5 g5 15.
e6 Nd6 16. h4 h5 17. hxg5 hxg4 18. Qh2 1-0